[Event "45th World Open"]
[Site "Philadelphia"]
[Date "2017.07.02"]
[Round "4"]
[White "Becerra, Julio"]
[Black "Schmakel, Sam"]
[Result "1/2-1/2"]
[WhiteElo "2556"]
[BlackElo "2344"]
[PlyCount "162"]
[EventDate "2017.07.??"]
[EventType "swiss"]
[EventRounds "9"]
[EventCountry "USA"]

1. e4 e5 2. Nf3 Nc6 3. Bb5 Nf6 4. d3 Bc5 5. O-O d6 6. c3 O-O 7. Nbd2 Ne7 8. d4
exd4 9. cxd4 Bb6 10. Bd3 Bg4 11. h3 Bh5 12. d5 c6 13. dxc6 Nxc6 14. Nc4 Bc5 15.
Bg5 h6 16. Bh4 g5 17. Bg3 Nd4 18. Ncd2 Re8 19. a3 Nxf3+ 20. gxf3 Bg6 21. Nb3
Bb6 22. Bb5 Re6 23. Nd4 Re7 24. Kg2 Nh5 25. Ne2 Nxg3 26. Nxg3 Re5 27. Bc4 h5
28. Re1 Qf6 29. Qd2 Kh7 30. Rad1 Rd8 31. Bd5 Rd7 32. Rc1 Re8 33. Rc4 Qe5 34.
Rec1 Rg8 35. Rc8 Rxc8 36. Rxc8 Bd8 37. Qc3 Qxc3 38. bxc3 Bb6 39. Ne2 Kg7 40. f4
gxf4 41. Nxf4 Kf6 42. Kf3 Kg5 43. Rg8 Rc7 44. c4 Kf6 45. Nd3 Bd4 46. a4 Kg5 47.
Nf4 Kf6 48. Nd3 Kg5 49. Kg3 h4+ 50. Kf3 a6 51. Nf4 Kh6 52. Rd8 b5 53. Rxd6 Be5
54. Rxa6 bxc4 55. Nxg6 fxg6 56. Rc6 c3 57. Ke2 Ra7 58. Bb3 Rd7 59. Bd5 Ra7 60.
Rc4 Kg5 61. Ke3 Bf4+ 62. Kd3 Be5 63. Bc6 Kf4 64. Rc5 g5 65. f3 Rc7 66. Kc2 Bd4
67. Rf5+ Kg3 68. Rxg5+ Kxh3 69. Bb5 Kh2 70. Bf1 Rb7 71. Rg2+ Kh1 72. Kd3 Bf6
73. Rc2 Rb1 74. Bh3 Be5 75. f4 Bxf4 76. Rxc3 Ra1 77. Ke2 Rxa4 78. Kf3 Bg3 79.
Be6 Ra2 80. Kg4 Kh2 81. Re3 h3 1/2-1/2

[Event "45th World Open"]
[Site "Philadelphia"]
[Date "2017.07.02"]
[Round "4"]
[White "Tang, Andrew"]
[Black "Kretchetov, Alexander"]
[Result "1-0"]
[WhiteElo "2461"]
[BlackElo "2263"]
[PlyCount "109"]
[EventDate "2017.07.??"]
[EventType "swiss"]
[EventRounds "9"]
[EventCountry "USA"]

1. d4 d5 2. Bf4 Bf5 3. c4 e6 4. Nc3 c6 5. Qb3 Qb6 6. c5 Qxb3 7. axb3 Nd7 8. b4
a6 9. Nf3 Rc8 10. Nd2 Be7 11. f3 Bd8 12. e4 Bg6 13. Bd6 Ne7 14. Nb3 Bc7 15. Na5
Bxa5 16. bxa5 Ra8 17. exd5 exd5 18. Ra4 Nc8 19. Bg3 Na7 20. Kd2 Nb5 21. Bxb5
axb5 22. Re1+ Kd8 23. Raa1 Nf8 24. Bh4+ f6 25. g4 Kd7 26. Ne2 Ne6 27. Bg3 h5
28. Nf4 Nxf4 29. Bxf4 hxg4 30. fxg4 Rh4 31. Rg1 Be4 32. Kc3 Bf3 33. Rg3 Be4 34.
h3 Ke6 35. Kb4 Ra6 36. Bc7 Ra8 37. a6 bxa6 38. Rga3 f5 39. gxf5+ Bxf5 40. Be5
Ke7 41. Rf1 g6 42. Ka5 b4 43. Rb3 Rxh3 44. Rxb4 Ke6 45. Rb7 Rc8 46. Bf4 Kf6 47.
Rg1 Rh5 48. Kb6 Bd3 49. Rg3 Bb5 50. Re3 g5 51. Be5+ Kf5 52. Rf7+ Kg4 53. Rg3+
Kh4 54. Rf2 g4 55. Bf4 1-0

[Event "45th World Open"]
[Site "Philadelphia"]
[Date "2017.07.02"]
[Round "4"]
[White "Zhang, Chao"]
[Black "Garcia, Jan"]
[Result "1/2-1/2"]
[WhiteElo "2229"]
[BlackElo "2436"]
[PlyCount "149"]
[EventDate "2017.07.??"]
[EventType "swiss"]
[EventRounds "9"]
[EventCountry "USA"]

1. e4 e5 2. Nf3 Nc6 3. Bb5 a6 4. Ba4 Nf6 5. O-O Be7 6. Re1 b5 7. Bb3 d6 8. c3
O-O 9. h3 Na5 10. Bc2 c5 11. d4 Nd7 12. a4 Rb8 13. axb5 axb5 14. dxc5 dxc5 15.
Nbd2 Re8 16. Nf1 Nc4 17. Qe2 Nd6 18. Rd1 Bb7 19. Ne3 Bf8 20. Nd5 Nb6 21. Be3
Nxd5 22. exd5 e4 23. Nd2 c4 24. Nf1 f5 25. Qh5 g6 26. Qg5 Nf7 27. Qxd8 Rexd8
28. Bf4 Bd6 29. Bxd6 Rxd6 30. Ra7 Bxd5 31. Ne3 Be6 32. Rxd6 Nxd6 33. g3 Rb7 34.
Ra6 Rd7 35. Bd1 Kf7 36. Nc2 f4 37. gxf4 Bxh3 38. Na3 Nf5 39. Bc2 e3 40. fxe3
Nxe3 41. Be4 Rd2 42. Nxb5 Bg2 43. Bxg2 Rxg2+ 44. Kh1 Rxb2 45. Nd6+ Ke7 46. Ne4
Nd5 47. Ra7+ Ke6 48. Rxh7 Kf5 49. Nd6+ Kxf4 50. Nxc4 Re2 51. Rh3 g5 52. Rd3 Nf6
53. Nd2 Nh5 54. Nf1 Kg4 55. Nh2+ Kf5 56. Nf1 Re1 57. Kg1 Nf4 58. Rd2 Rc1 59. c4
Ke5 60. Kf2 Rxc4 61. Ng3 Ra4 62. Kf3 Ne6 63. Re2+ Kf6 64. Nh5+ Kf7 65. Re4 Ra1
66. Kg4 Rg1+ 67. Ng3 Nf8 68. Re3 Nh7 69. Kf5 Rg2 70. Ne4 Kg7 71. Rg3 Ra2 72.
Nxg5 Ra5+ 73. Kf4 Nxg5 74. Rxg5+ Rxg5 75. Kxg5 1/2-1/2

[Event "45th World Open"]
[Site "Philadelphia"]
[Date "2017.07.02"]
[Round "4"]
[White "Baquero, Luis"]
[Black "Wheeler, Cameron"]
[Result "0-1"]
[WhiteElo "2222"]
[BlackElo "2407"]
[PlyCount "110"]
[EventDate "2017.07.??"]
[EventType "swiss"]
[EventRounds "9"]
[EventCountry "USA"]

1. c4 e5 2. Nc3 Nc6 3. g3 g6 4. Bg2 Bg7 5. e3 d6 6. Nge2 f5 7. d3 Nf6 8. b3 O-O
9. Bb2 Qe8 10. Nd5 Nxd5 11. cxd5 Ne7 12. e4 c6 13. dxc6 Nxc6 14. O-O f4 15. f3
g5 16. Qd2 Be6 17. d4 d5 18. exd5 Bxd5 19. dxe5 Rd8 20. Nd4 Bxe5 21. Rae1 Bxd4+
22. Bxd4 Be6 23. Re4 Qd7 24. Bc3 Qxd2 25. Bxd2 Bf5 26. Bb4 Rf7 27. Rc4 Bd3 28.
Rxc6 Bxf1 29. Rc5 Bxg2 30. Rxg5+ Rg7 31. Rxg7+ Kxg7 32. Kxg2 Rc8 33. a4 Rc2+
34. Kh3 Kg6 35. Bd6 fxg3 36. Kxg3 Rc6 37. Bf8 Kf7 38. Bb4 Rb6 39. Bc5 Rxb3 40.
Bxa7 Ra3 41. Bb8 Rxa4 42. Kf2 Ke6 43. Ke2 Kf5 44. Bd6 Ra6 45. Bg3 Ra3 46. Bd6
Rb3 47. Bb8 b5 48. Bc7 Ke6 49. h4 Kd5 50. h5 b4 51. Bf4 Kd4 52. Bh6 Rb2+ 53.
Kd1 Kd3 54. Kc1 Rh2 55. Bf8 b3 0-1

[Event "45th World Open"]
[Site "Philadelphia"]
[Date "2017.07.02"]
[Round "4"]
[White "Huang, Andy"]
[Black "Korley, Kassa"]
[Result "0-1"]
[WhiteElo "2165"]
[BlackElo "2389"]
[PlyCount "68"]
[EventDate "2017.07.??"]
[EventType "swiss"]
[EventRounds "9"]
[EventCountry "USA"]

1. e4 c6 2. d4 d5 3. e5 Bf5 4. Nf3 e6 5. Be2 Nd7 6. O-O Ne7 7. Nbd2 h6 8. Nb3
a6 9. Be3 g5 10. Ne1 Bg6 11. f4 Nf5 12. Qd2 c5 13. dxc5 Nxe3 14. Qxe3 gxf4 15.
Qxf4 Qg5 16. Qf2 Nxe5 17. h4 Qe7 18. Qg3 Nc6 19. Nd3 Rg8 20. Rae1 O-O-O 21. Bh5
Bxh5 22. Qxg8 Qxh4 23. Nf2 Bd6 24. Qxd8+ Qxd8 25. cxd6 Qxd6 26. Nd3 Bg6 27. Rf2
e5 28. Ndc1 f5 29. c3 f4 30. Ne2 Ne7 31. Nd2 Nf5 32. Nf1 h5 33. Nc1 Nh6 34. g3
Ng4 0-1

[Event "45th World Open"]
[Site "Philadelphia"]
[Date "2017.07.02"]
[Round "4"]
[White "Sarkar, Justin"]
[Black "Andersen, Gunnar"]
[Result "1-0"]
[WhiteElo "2375"]
[BlackElo "2047"]
[PlyCount "61"]
[EventDate "2017.07.??"]
[EventType "swiss"]
[EventRounds "9"]
[EventCountry "USA"]

1. d4 d5 2. c4 e6 3. Nc3 Be7 4. Bf4 Nf6 5. e3 O-O 6. a3 c5 7. dxc5 dxc4 8. Bxc4
Bxc5 9. Nf3 Nc6 10. Qc2 Be7 11. O-O a6 12. Rad1 Qb6 13. Ba2 Qa5 14. Bb1 Qh5 15.
Bg5 Ne5 16. Nxe5 Qxg5 17. Nd7 Bxd7 18. Rxd7 Rfe8 19. Rxb7 Rac8 20. Rd1 g6 21.
Qa4 Qh5 22. Bc2 Bc5 23. h3 Red8 24. Rxd8+ Rxd8 25. Qf4 Kg7 26. Ne4 Rd1+ 27.
Bxd1 Qxd1+ 28. Kh2 Nxe4 29. Qxf7+ Kh6 30. Qxh7+ Kg5 31. f4+ 1-0

[Event "45th World Open"]
[Site "Philadelphia"]
[Date "2017.07.02"]
[Round "4"]
[White "Chua, Alexander"]
[Black "Feliachi, Nabil"]
[Result "1-0"]
[WhiteElo "2300"]
[BlackElo "2074"]
[PlyCount "53"]
[EventDate "2017.07.??"]
[EventType "swiss"]
[EventRounds "9"]
[EventCountry "USA"]

1. d4 Nf6 2. c4 e6 3. g3 Bb4+ 4. Bd2 a5 5. Bg2 d6 6. Nf3 Nbd7 7. O-O e5 8. Bc1
exd4 9. Nxd4 Bc5 10. Nb5 O-O 11. Bf4 Nh5 12. Bc1 Ne5 13. b3 c6 14. N5c3 Bf5 15.
Na4 Ba7 16. Ba3 Qf6 17. Qxd6 Nf3+ 18. Bxf3 Qxa1 19. Nbc3 Qxf1+ 20. Kxf1 Rfe8
21. Bxh5 Rad8 22. Qf4 Bh3+ 23. Ke1 g6 24. Ne4 Bd4 25. Bb2 Bxb2 26. Nxb2 Re6 27.
Ng5 1-0

[Event "45th World Open"]
[Site "Philadelphia"]
[Date "2017.07.02"]
[Round "4"]
[White "Yanayt, Eugene"]
[Black "Lee, Megan"]
[Result "1/2-1/2"]
[WhiteElo "2182"]
[BlackElo "2077"]
[PlyCount "57"]
[EventDate "2017.07.??"]
[EventType "swiss"]
[EventRounds "9"]
[EventCountry "USA"]

1. d4 d5 2. c4 c6 3. Nf3 Nf6 4. e3 g6 5. Nbd2 Bg7 6. b4 O-O 7. a4 dxc4 8. Bxc4
Bf5 9. O-O Ne4 10. Bb2 Nd7 11. Qe2 Ndf6 12. Rfc1 Bg4 13. Qe1 Bh6 14. Ne5 Bf5
15. Nf1 Nd6 16. Bb3 Nd7 17. Rd1 Be4 18. Qc3 Bd5 19. Bc2 f6 20. Nd3 Qe8 21. f3
Bf7 22. e4 Nc4 23. Bc1 Bg7 24. Rb1 e5 25. Nc5 exd4 26. Qxd4 Nxc5 27. bxc5 Qe7
28. Qf2 Rfd8 29. Nd2 1/2-1/2

[Event "45th World Open"]
[Site "Philadelphia"]
[Date "2017.07.02"]
[Round "4"]
[White "Nguyen, Tan"]
[Black "Heimann, Mark"]
[Result "0-1"]
[WhiteElo "1949"]
[BlackElo "2378"]
[PlyCount "142"]
[EventDate "2017.07.??"]
[EventType "swiss"]
[EventRounds "9"]
[EventCountry "USA"]

1. d4 Nf6 2. c4 e6 3. g3 d5 4. Bg2 dxc4 5. Qa4+ Nbd7 6. Nf3 a6 7. Qxc4 b5 8.
Qc6 Rb8 9. Bf4 Nd5 10. Bg5 Be7 11. Bxe7 Qxe7 12. a3 Bb7 13. Qc2 O-O 14. Nbd2 c5
15. dxc5 Nxc5 16. Rc1 Rbc8 17. Qb1 e5 18. O-O e4 19. Nd4 e3 20. Ne4 exf2+ 21.
Rxf2 Nxe4 22. Rxc8 Nxf2 23. Rxf8+ Kxf8 24. Qf5 Nh3+ 25. Bxh3 Qe3+ 26. Qf2 Qc1+
27. Bf1 Qxb2 28. Nf5 Qc2 29. Nd6 Qc7 30. Nxb7 Qxb7 31. Bg2 Qd7 32. Bxd5 Qxd5
33. Qa7 Qe6 34. Qb8+ Ke7 35. h4 h6 36. h5 Qd6 37. Qb7+ Kf6 38. Kh2 Qe6 39. Qf3+
Kg5 40. Kg2 f5 41. Kf2 Qb6+ 42. Kf1 Qd6 43. Qb7 Qf6 44. Qf3 Qa1+ 45. Kf2 Qd4+
46. e3 Qd2+ 47. Kg1 Qc1+ 48. Kf2 Qc2+ 49. Kg1 Qe4 50. Qf2 Kxh5 51. Qd2 Qe5 52.
Kf2 Kg6 53. Qd7 Qb2+ 54. Kf3 Qxa3 55. Qe6+ Kg5 56. Qe5 Qf8 57. e4 Qf6 58. Qf4+
Kg6 59. e5 Qc6+ 60. Kf2 Qe4 61. Qc1 Qxe5 62. Qc6+ Qf6 63. Qe8+ Kh7 64. Qc8 b4
65. Qb7 Qb2+ 66. Kg1 b3 67. Qxa6 Qb1+ 68. Kh2 Qc2+ 69. Kh3 b2 70. Qa8 b1=Q 71.
Qf3 Qe4 0-1

[Event "45th World Open"]
[Site "Philadelphia"]
[Date "2017.07.02"]
[Round "5.1"]
[White "Le, Liem"]
[Black "Zhou, Jianchao"]
[Result "1-0"]
[WhiteElo "2726"]
[BlackElo "2595"]
[PlyCount "63"]
[EventDate "2017.07.??"]
[EventType "swiss"]
[EventRounds "9"]
[EventCountry "USA"]
[WhiteClock "0:26:52"]
[BlackClock "0:00:02"]

1. Nf3 d5 2. g3 Nf6 3. Bg2 c5 4. O-O g6 5. c4 Bg7 6. cxd5 Nxd5 7. Nc3 O-O 8.
Qa4 Nb6 9. Qh4 e6 10. d3 Qxh4 11. Nxh4 Nc6 12. a4 Nd4 13. Be3 Rd8 14. Nf3 Nc2
15. Rac1 Nxe3 16. fxe3 Bh6 17. Kf2 Nd7 18. g4 b6 19. g5 Bg7 20. d4 Ba6 21. Rfd1
Rac8 22. Nb5 Bxb5 23. axb5 Kf8 24. Ra1 Rc7 25. h4 Ke7 26. Rd3 Nb8 27. Ra4 Rcd7
28. Kg3 cxd4 29. exd4 e5 30. Bh3 Rc7 31. dxe5 Re8 32. Rc3 1-0

[Event "45th World Open"]
[Site "Philadelphia"]
[Date "2017.07.02"]
[Round "5.2"]
[White "Erenburg, Sergey"]
[Black "Xiong, Jeffrey"]
[Result "1/2-1/2"]
[WhiteElo "2550"]
[BlackElo "2658"]
[PlyCount "54"]
[EventDate "2017.07.??"]
[EventType "swiss"]
[EventRounds "9"]
[EventCountry "USA"]
[WhiteClock "0:07:00"]
[BlackClock "0:20:02"]

1. e4 c5 2. Nf3 d6 3. Bb5+ Nd7 4. c3 Ngf6 5. Qe2 a6 6. Ba4 e6 7. O-O b5 8. Bc2
Bb7 9. d4 Be7 10. Re1 O-O 11. Nbd2 Qc7 12. Nf1 Rac8 13. Bd3 cxd4 14. cxd4 e5
15. Ng3 exd4 16. Nxd4 Rfe8 17. Bf4 g6 18. Rac1 Qb8 19. Rxc8 Qxc8 20. Qd2 Bf8
21. Bb1 Ng4 22. b3 d5 23. h3 Nge5 24. exd5 Bxd5 25. Be4 Qb7 26. Nc2 Bc6 27. Kh1
Nf6 1/2-1/2

[Event "45th World Open"]
[Site "Philadelphia"]
[Date "2017.07.02"]
[Round "5.3"]
[White "Daza, Emilio"]
[Black "Stripunsky, Alexander"]
[Result "1/2-1/2"]
[WhiteElo "2651"]
[BlackElo "2536"]
[PlyCount "162"]
[EventDate "2017.07.??"]
[EventType "swiss"]
[EventRounds "9"]
[EventCountry "USA"]
[WhiteClock "0:02:45"]
[BlackClock "0:01:26"]

1. c4 e5 2. Nc3 Bb4 3. g3 Bxc3 4. bxc3 Nc6 5. Bg2 Nge7 6. c5 d6 7. cxd6 cxd6 8.
d3 O-O 9. Nf3 h6 10. Rb1 b6 11. Ba3 Be6 12. c4 Qd7 13. O-O Rad8 14. Re1 Rfe8
15. Nd2 d5 16. Rc1 Na5 17. cxd5 Bxd5 18. Ne4 Qb7 19. Nd6 Rxd6 20. Bxd6 Bxg2 21.
Rc7 Qd5 22. Rxe7 Rxe7 23. Bxe7 Bh3 24. f3 Nc6 25. Ba3 Qxa2 26. Qc1 Qd5 27. Qc4
Qxc4 28. dxc4 Be6 29. Rc1 e4 30. fxe4 Na5 31. c5 Nb3 32. cxb6 axb6 33. Rd1 Na5
34. Bb2 Nc4 35. Rd8+ Kh7 36. Bc3 b5 37. Kf2 Na3 38. Rb8 Bc4 39. Ke3 Be6 40. Rb7
Bc4 41. Ra7 b4 42. Bxb4 Nc2+ 43. Kd2 Nxb4 44. Ra4 Bxe2 45. Kxe2 Nc6 46. Ke3 Ne5
47. Kf4 f6 48. Kf5 h5 49. h3 Nf3 50. Rb4 Kh6 51. Rb8 Nd4+ 52. Kf4 Ne6+ 53. Ke3
Ng5 54. h4 Nf7 55. Rb5 Nd6 56. Rd5 Nf7 57. Kd4 Kg6 58. Kc5 Nh6 59. Kd6 Ng4 60.
Ke6 Nf2 61. Rd4 Ng4 62. Rd5 Ne3 63. Rc5 Ng4 64. Ra5 Ne3 65. Ke7 Nf1 66. Ra3 Nd2
67. Kf8 Nxe4 68. Ra7 Kf5 69. Rxg7 Ke5 70. Kg8 Kd4 71. Kh7 Ke3 72. Kh6 Kf3 73.
Kxh5 Nxg3+ 74. Kg6 Kg4 75. Rh7 f5 76. h5 f4 77. h6 Nf5 78. Rg7 Nxh6 79. Kxh6+
Kh4 80. Rf7 Kg4 81. Rxf4+ Kxf4 1/2-1/2

[Event "45th World Open"]
[Site "Philadelphia"]
[Date "2017.07.02"]
[Round "5.4"]
[White "Perelshteyn, Eugene"]
[Black "Zherebukh, Yaroslav"]
[Result "0-1"]
[WhiteElo "2511"]
[BlackElo "2642"]
[PlyCount "136"]
[EventDate "2017.07.??"]
[EventType "swiss"]
[EventRounds "9"]
[EventCountry "USA"]
[WhiteClock "0:00:05"]
[BlackClock "0:12:33"]

1. d4 Nf6 2. c4 g6 3. Nc3 d5 4. Nf3 Bg7 5. cxd5 Nxd5 6. Bg5 O-O 7. Rc1 Nb6 8.
e3 c6 9. Be2 h6 10. Bh4 Be6 11. O-O N8d7 12. e4 Rc8 13. h3 Bc4 14. Bxc4 Nxc4
15. Qe2 Ncb6 16. b4 Qe8 17. e5 f5 18. Nd2 g5 19. Bg3 f4 20. Bh2 Qg6 21. Qe4 Kh7
22. g4 Rfd8 23. Nb3 Nf8 24. Rfd1 Nd5 25. Qxg6+ Kxg6 26. Nxd5 Rxd5 27. Re1 Ne6
28. Re4 Rcd8 29. Rc4 Kf7 30. a3 a5 31. bxa5 c5 32. Nxc5 Nxd4 33. Nxb7 Nf3+ 34.
Kg2 Nh4+ 35. Kf1 Rb8 36. e6+ Kg6 37. Rc7 Bf6 38. Rd7 Rb5 39. Rb4 Re5 40. a6 Rc8
41. Rd1 Rxe6 42. Ra4 Ra8 43. a7 Bc3 44. Rc4 Rxa7 45. Nc5 Rd6 46. Rxd6+ exd6 47.
Rxc3 dxc5 48. Bg3 fxg3 49. fxg3 Rf7+ 50. Ke2 Ng2 51. Rxc5 Re7+ 52. Kf2 Ne3 53.
Rc6+ Kg7 54. a4 Nd1+ 55. Kg2 Rf7 56. a5 Ne3+ 57. Kg1 Rf1+ 58. Kh2 Rf2+ 59. Kh1
Ra2 60. a6 Nf1 61. Rc7+ Kf6 62. Rc6+ Ke5 63. Rxh6 Nxg3+ 64. Kg1 Kf4 65. Rf6+
Ke3 66. a7 Ne2+ 67. Kf1 Nf4 68. Kg1 Nxh3+ 0-1

[Event "45th World Open"]
[Site "Philadelphia"]
[Date "2017.07.02"]
[Round "5"]
[White "Nyzhnyk, Illia"]
[Black "Barbosa, Oliver"]
[Result "1/2-1/2"]
[WhiteElo "2612"]
[BlackElo "2511"]
[PlyCount "69"]
[EventDate "2017.07.??"]
[EventType "swiss"]
[EventRounds "9"]
[EventCountry "USA"]

1. c4 c6 2. Nf3 d5 3. e3 Bg4 4. Nc3 Nf6 5. Qb3 Qb6 6. Qxb6 axb6 7. cxd5 Nxd5 8.
Nxd5 cxd5 9. Ne5 Bd7 10. b3 Nc6 11. Nxd7 Kxd7 12. Bb2 e6 13. Bb5 f6 14. a3 Bd6
15. f4 Ra5 16. a4 Raa8 17. Rc1 Bc5 18. Ke2 Rhc8 19. g4 Ke7 20. g5 Kf7 21. gxf6
gxf6 22. Rhg1 Ne7 23. Rg3 Rg8 24. Rh3 h5 25. Kf3 Rh8 26. Rg1 Rag8 27. Rhg3 Rg4
28. Bd3 Rh6 29. Rc1 Bd6 30. Kg2 e5 31. fxe5 fxe5 32. Rf1+ Ke6 33. Rxg4 hxg4 34.
Be2 Rg6 35. h3 1/2-1/2

[Event "45th World Open"]
[Site "Philadelphia"]
[Date "2017.07.02"]
[Round "5"]
[White "Hernandez, Holden"]
[Black "Sevian, Samuel"]
[Result "1/2-1/2"]
[WhiteElo "2510"]
[BlackElo "2601"]
[PlyCount "55"]
[EventDate "2017.07.??"]
[EventType "swiss"]
[EventRounds "9"]
[EventCountry "USA"]

1. d4 Nf6 2. c4 e6 3. Nc3 Bb4 4. e3 O-O 5. Nge2 d5 6. a3 Be7 7. Nf4 b6 8. Be2
Bb7 9. cxd5 exd5 10. b4 Bd6 11. O-O Re8 12. Nh5 Nbd7 13. b5 Nxh5 14. Bxh5 Re6
15. Bg4 Rh6 16. g3 Nf6 17. a4 Nxg4 18. Qxg4 a6 19. Bd2 Rg6 20. Qf3 Qg5 21. a5
bxa5 22. Rxa5 Bb4 23. Ra4 Bxc3 24. Bxc3 axb5 25. Rxa8+ Bxa8 26. Ra1 Qd8 27. Qe2
Bc6 28. Bb4 1/2-1/2

[Event "45th World Open"]
[Site "Philadelphia"]
[Date "2017.07.02"]
[Round "5"]
[White "Stukopin, Andrey"]
[Black "Sarkar, Justin"]
[Result "1/2-1/2"]
[WhiteElo "2577"]
[BlackElo "2375"]
[PlyCount "75"]
[EventDate "2017.07.??"]
[EventType "swiss"]
[EventRounds "9"]
[EventCountry "USA"]

1. e4 e5 2. Nf3 Nc6 3. Bc4 Nf6 4. d3 Bc5 5. O-O O-O 6. c3 d5 7. exd5 Nxd5 8. b4
Be7 9. b5 Na5 10. Bxd5 Qxd5 11. c4 Qe6 12. Re1 f6 13. Bd2 b6 14. Bxa5 bxa5 15.
Nd4 Qb6 16. Nc6 Bb4 17. Qb3 Be6 18. Nc3 Bxc3 19. Qxc3 a4 20. d4 exd4 21. Nxd4
Bf7 22. c5 Qb7 23. a3 a6 24. Rab1 axb5 25. Rxb5 Qd5 26. c6 Qc4 27. Qxc4 Bxc4
28. Rc5 Rfe8 29. Rxe8+ Rxe8 30. f3 Bb3 31. Kf2 Re5 32. Rb5 Rxb5 33. Nxb5 Bd5
34. Nxc7 Bxc6 35. Ke3 g5 36. Ne6 g4 37. Nd4 Ba8 38. fxg4 1/2-1/2

[Event "45th World Open"]
[Site "Philadelphia"]
[Date "2017.07.02"]
[Round "5"]
[White "Wheeler, Cameron"]
[Black "Li, Ruifeng"]
[Result "1/2-1/2"]
[WhiteElo "2407"]
[BlackElo "2571"]
[PlyCount "49"]
[EventDate "2017.07.??"]
[EventType "swiss"]
[EventRounds "9"]
[EventCountry "USA"]

1. d4 Nf6 2. c4 e6 3. Nf3 d5 4. g3 Be7 5. Bg2 O-O 6. O-O dxc4 7. Qc2 a6 8. a4
c5 9. dxc5 Bxc5 10. Nbd2 b6 11. Ng5 Ra7 12. Nde4 Nxe4 13. Qxe4 g6 14. Qxc4 Bd4
15. Nf3 Bg7 16. Be3 Bb7 17. a5 b5 18. Qf4 Ra8 19. Bc5 e5 20. Nxe5 Bxe5 21. Qxe5
Nd7 22. Qd4 Nxc5 23. Qxc5 Bxg2 24. Kxg2 Qd2 25. Qc3 1/2-1/2

[Event "45th World Open"]
[Site "Philadelphia"]
[Date "2017.07.02"]
[Round "5"]
[White "Korley, Kassa"]
[Black "Brown, Michael"]
[Result "1-0"]
[WhiteElo "2389"]
[BlackElo "2489"]
[PlyCount "97"]
[EventDate "2017.07.??"]
[EventType "swiss"]
[EventRounds "9"]
[EventCountry "USA"]

1. d4 Nf6 2. Bf4 d5 3. e3 c5 4. Nd2 Nc6 5. Ngf3 Qb6 6. dxc5 Qxb2 7. Rb1 Qc3 8.
Bb5 Nd7 9. O-O a6 10. Bxc6 bxc6 11. Rb3 Qxc5 12. Qa1 f6 13. Rc3 Qa5 14. Rxc6 e5
15. Nb3 Qa4 16. Qc3 Bb7 17. Rc7 Bb4 18. Qd3 Rb8 19. Qf5 Kd8 20. Nxe5 fxe5 21.
Bxe5 Rf8 22. Qg5+ Be7 23. Qxg7 Qh4 24. Nd4 Ke8 25. Bg3 Qf6 26. Qg4 Nc5 27.
Rxe7+ Qxe7 28. Bxb8 Qf7 29. Qg3 Ne4 30. Qe5+ Qe7 31. Qxe7+ Kxe7 32. Bf4 Nc3 33.
a3 Rc8 34. f3 Kd7 35. Kf2 Rc4 36. g4 Nb5 37. Nxb5 Rxc2+ 38. Kg3 axb5 39. Rb1
Kc6 40. Be5 Kc5 41. Bd4+ Kc6 42. h4 Ra2 43. Rb3 Ba6 44. h5 Kd6 45. Rc3 Bb7 46.
g5 Bc6 47. g6 hxg6 48. h6 b4 49. axb4 1-0

[Event "45th World Open"]
[Site "Philadelphia"]
[Date "2017.07.02"]
[Round "5"]
[White "Zheng, Andrew"]
[Black "Tang, Andrew"]
[Result "0-1"]
[WhiteElo "2252"]
[BlackElo "2461"]
[PlyCount "88"]
[EventDate "2017.07.??"]
[EventType "swiss"]
[EventRounds "9"]
[EventCountry "USA"]

1. d4 d5 2. c4 e6 3. Nc3 Be7 4. Nf3 Nf6 5. cxd5 exd5 6. Bg5 c6 7. e3 Bf5 8. Bd3
Bxd3 9. Qxd3 Nbd7 10. O-O O-O 11. Rab1 a5 12. a3 Ne4 13. Bf4 Nd6 14. Nd2 Nb6
15. f3 Ndc4 16. Nxc4 Nxc4 17. e4 Qd7 18. a4 Rac8 19. Kh1 Bb4 20. b3 Nb6 21. e5
f6 22. exf6 Rxf6 23. Be5 Rff8 24. f4 Qf7 25. Nd1 Nd7 26. Ne3 Rce8 27. Rf3 Nf6
28. Rbf1 Ne4 29. Rh3 Be7 30. Kg1 Bf6 31. Nc4 Bxe5 32. dxe5 Qc7 33. Nd6 Qb6+ 34.
Kh1 Rxe5 35. fxe5 Rxf1+ 36. Qxf1 Nf2+ 37. Kg1 Nxh3+ 38. Kh1 Nf2+ 39. Kg1 Ne4+
40. Kh1 Nxd6 41. exd6 Qd8 42. Qf4 Qf8 43. d7 Qxf4 44. d8=Q+ Qf8 0-1

[Event "45th World Open"]
[Site "Philadelphia"]
[Date "2017.07.02"]
[Round "5"]
[White "Bachmann, Axel"]
[Black "Wang, Kevin"]
[Result "1-0"]
[WhiteElo "2653"]
[BlackElo "2367"]
[PlyCount "105"]
[EventDate "2017.07.??"]
[EventType "swiss"]
[EventRounds "9"]
[EventCountry "USA"]

1. Nf3 Nf6 2. c4 e6 3. g3 d5 4. b3 Be7 5. Bg2 O-O 6. Bb2 c5 7. O-O Nc6 8. e3 b6
9. Nc3 Ba6 10. Qe2 Rc8 11. Ne1 Qd7 12. f4 Rfd8 13. Rf2 d4 14. Nd1 d3 15. Qf3 h5
16. Rf1 Nb4 17. Nf2 b5 18. g4 bxc4 19. g5 c3 20. Bxc3 Nfd5 21. Bxb4 cxb4 22.
Qxh5 Nxe3 23. dxe3 d2 24. Be4 f5 25. Ned3 Qe8 26. Qxe8+ Rxe8 27. Bf3 Red8 28.
Ne5 Bxf1 29. Rxf1 Rc2 30. Bh5 Bc5 31. Nd1 Kf8 32. Rf3 g6 33. Bxg6 Rc1 34. Rf1
Rxd1 35. Rxd1 Bxe3+ 36. Kf1 Bxf4 37. Nf7 Rd3 38. h4 Kg7 39. h5 Rf3+ 40. Ke2 Rh3
41. Nd8 Re3+ 42. Kxd2 Bxg5 43. Kc2 Kf6 44. Rd7 Re2+ 45. Kd1 Rxa2 46. Nc6 Be3
47. Nxb4 Rb2 48. Rd3 Bc5 49. Nc6 f4 50. Rh3 Bf8 51. Bc2 Bh6 52. Nb4 Kg5 53. Rh1
1-0

[Event "45th World Open"]
[Site "Philadelphia"]
[Date "2017.07.02"]
[Round "5"]
[White "Perez, Yuniesky"]
[Black "Chua, Alexander"]
[Result "1-0"]
[WhiteElo "2624"]
[BlackElo "2300"]
[PlyCount "73"]
[EventDate "2017.07.??"]
[EventType "swiss"]
[EventRounds "9"]
[EventCountry "USA"]

1. e4 c6 2. d4 d5 3. e5 Bf5 4. Nf3 e6 5. Be2 Ne7 6. c3 h6 7. O-O Nd7 8. Nbd2 g5
9. Re1 Bg7 10. Nf1 O-O 11. Ng3 Bg6 12. h3 Nf5 13. Bd3 Nxg3 14. Bxg6 fxg6 15.
fxg3 c5 16. Qd3 cxd4 17. cxd4 Qe8 18. Bd2 Qf7 19. g4 Rfc8 20. Rf1 Qe8 21. Rf2
Rc6 22. h4 gxh4 23. g5 hxg5 24. Nxg5 Nf8 25. Raf1 Rac8 26. Qh3 Nh7 27. Nxh7
Kxh7 28. Qxh4+ Kg8 29. Rf3 g5 30. Bxg5 Qg6 31. Rg3 Qe4 32. Rg4 Qh7 33. Bh6 R6c7
34. Rf6 Rc1+ 35. Kh2 R1c7 36. Rfg6 Kh8 37. Rxg7 1-0

[Event "45th World Open"]
[Site "Philadelphia"]
[Date "2017.07.02"]
[Round "5"]
[White "Belous, Vladimir"]
[Black "Turgut, Tansel"]
[Result "1-0"]
[WhiteElo "2567"]
[BlackElo "2262"]
[PlyCount "68"]
[EventDate "2017.07.??"]
[EventType "swiss"]
[EventRounds "9"]
[EventCountry "USA"]

1. Nf3 d5 2. d4 c6 3. c4 e6 4. e3 f5 5. h3 Nf6 6. g4 g6 7. Nc3 Bg7 8. gxf5 exf5
9. cxd5 Nxd5 10. Qb3 Qb6 11. Nxd5 Qxb3 12. axb3 cxd5 13. h4 Nc6 14. Bd2 f4 15.
Bg2 h6 16. b4 fxe3 17. fxe3 Bg4 18. b5 Ne7 19. Bb4 Kd7 20. O-O Be6 21. Ne5+
Bxe5 22. dxe5 Nf5 23. e4 Ne3 24. exd5 Bxd5 25. Rad1 Nxd1 26. Rxd1 Kc7 27. Bxd5
Kb6 28. Bc4 Rad8 29. Rd6+ Kc7 30. Bf7 g5 31. h5 Rxd6 32. Bxd6+ Kd7 33. Bc5 b6
34. e6+ Kc7 1-0

[Event "45th World Open"]
[Site "Philadelphia"]
[Date "2017.07.02"]
[Round "5"]
[White "Griffith, Kyron"]
[Black "Becerra, Julio"]
[Result "1/2-1/2"]
[WhiteElo "2319"]
[BlackElo "2556"]
[PlyCount "113"]
[EventDate "2017.07.??"]
[EventType "swiss"]
[EventRounds "9"]
[EventCountry "USA"]

1. e4 c5 2. Nf3 d6 3. d4 cxd4 4. Nxd4 Nf6 5. Nc3 Nc6 6. Bg5 e6 7. Qd2 a6 8.
O-O-O Bd7 9. f3 Be7 10. h4 h6 11. Be3 h5 12. Bg5 Rc8 13. Kb1 Ne5 14. Bd3 b5 15.
f4 b4 16. Nce2 Neg4 17. Rhf1 Qb6 18. Rde1 a5 19. f5 e5 20. Nf3 a4 21. Ng3 Qc5
22. Rc1 Bd8 23. c3 b3 24. a3 Bb6 25. Qe2 Qc7 26. Nd2 Bc5 27. Bb5 Bxb5 28. Qxb5+
Qc6 29. Qe2 Bb6 30. Rcd1 Rc7 31. Nf3 Nd7 32. Bc1 Ngf6 33. Ng5 Bc5 34. Be3 Bxe3
35. Qxe3 Nb6 36. Rd3 Nc4 37. Qe2 Qb6 38. Rfd1 Rc6 39. Nh3 Ke7 40. Nf2 Na5 41.
Nf1 Qa6 42. Ne3 Nc4 43. Nxc4 Qxc4 44. Qe3 Qc5 45. Qg3 Rg8 46. Qf3 Qc4 47. g4
hxg4 48. Nxg4 Rh8 49. Nxf6 gxf6 50. h5 Qa6 51. Rd5 Rcc8 52. Kc1 Rcd8 53. Rh1
Rh6 54. Qe3 Rh7 55. h6 Rd7 56. Rdd1 Rd8 57. Rd5 1/2-1/2